000 00279 a2200121 4500
000 nam a22 7a 4500
005 20260207105747.0
020 _a9789357755108
100 _aMeera Kant
_91114339
245 _aKali Barf
260 _bBharatiya Jnanpith
_c2024
942 _cTEXL
999 _c1678883
_d1678883